Electromagnetism / (Record no. 179251)

000 -LEADER
fixed length control field 00845 a2200181 4500
003 - CONTROL NUMBER IDENTIFIER
control field NUST
005 - DATE AND TIME OF LATEST TRANSACTION
control field 20221202143210.0
020 ## - INTERNATIONAL STANDARD BOOK NUMBER
International Standard Book Number 0333483170
040 ## - CATALOGING SOURCE
Transcribing agency Nust
082 ## - DEWEY DECIMAL CLASSIFICATION NUMBER
Classification number 537,POW
100 ## - MAIN ENTRY--PERSONAL NAME
Personal name Powell, R. G.
9 (RLIN) 104026
245 ## - TITLE STATEMENT
Title Electromagnetism /
Statement of responsibility, etc. R. G. Powell
260 ## - PUBLICATION, DISTRIBUTION, ETC.
Place of publication, distribution, etc. London
Name of publisher, distributor, etc. Macmillan
Date of publication, distribution, etc. 1990
300 ## - PHYSICAL DESCRIPTION
Extent xiii, 367 p.:
505 ## - FORMATTED CONTENTS NOTE
Formatted contents note Revision and Basic Background Information (Page-1), Electrostatic Fields-1 (Page-39), Electrostatic Fields-2 (Page-75), Condition Fields (Page-119), Stationary Magnetic Fields 1 (in a vacuum) (Page-143), Stationary Magnetic Fields 2 (in ferromagnetic media) (Page-177), Electromagnetic Induction (Page-217), Application of Faraday Laws-1 transformers) (Page-265), Application of Faraday Laws-2 (rotating machines) (Page-303).
650 ## - SUBJECT ADDED ENTRY--TOPICAL TERM
Topical term or geographic name entry element Electromagnetism
942 ## - ADDED ENTRY ELEMENTS (KOHA)
Source of classification or shelving scheme
Koha item type Book
Call number prefix 537,POW
Holdings
Withdrawn status Lost status Source of classification or shelving scheme Damaged status Not for loan Permanent Location Current Location Shelving location Date acquired Full call number Barcode Date last seen Price effective from Koha item type Public note
          Military College of Signals (MCS) Military College of Signals (MCS) General Stacks 12/12/2016 537,POW MCS27306 12/08/2016 12/12/2016 Book Almirah No.16, Shelf No.4
© 2023 Central Library, National University of Sciences and Technology. All Rights Reserved.